000 00363nam a2200145Ia 4500
008 230312s9999||||xx |||||||||||||| ||und||
082 _a346.973
_bINC
100 _aInciaridi, James A
245 0 _aCriminal Justice
260 _bHarcourt Brace
_aLondon
_c1987
300 _a767
546 _aEng.
650 _aEconomics
_vCrime and the nature of Law
942 _cBK
999 _c2273
_d2273